Statistics for 15 Largest Cities in Gambia🇬🇲

Click here to take the quiz!

General Stats

  • This quiz has been taken 10 times
  • The average score is 5 of 15

Answer Stats

PopulationCity% Correct
34kBanjul
88%
340kSerekunda
50%
43kBakau
38%
77kBrikama
38%
5kEssau
38%
29kFarafenni
38%
14kGunjur
38%
9kSoma
38%
6kAbuko
25%
7kBansang
25%
5kBarra
25%
14kBasse Santa Su
25%
24kLamin
25%
7kSabi
25%
15kSukuta
25%

Score Distribution

Percentile by Number Answered

Percent of People with Each Score

Your Score History

You have not taken this quiz